A new conservation politics (Record no. 61517)
[ view plain ]
| 000 -LEADER | |
|---|---|
| fixed length control field | 01406nam a2200325Ia 4500 |
| 082 04 - DEWEY DECIMAL CLASSIFICATION NUMBER | |
| Classification number | 333.720973 |
| 100 1# - MAIN ENTRY--AUTHOR NAME | |
| Personal name | Johns, David, |
| 245 12 - TITLE STATEMENT | |
| Title | A new conservation politics |
| 260 ## - PUBLICATION, DISTRIBUTION, ETC. (IMPRINT) | |
| Place of publication | Chichester, UK ; |
| -- | Hoboken, NJ : |
| Name of publisher | Wiley-Blackwell, |
| Year of publication | 2009. |
| 300 ## - PHYSICAL DESCRIPTION | |
| Number of Pages | xiv, 388 p. : |
| Other physical details | ill. |
| 650 #0 - SUBJECT ADDED ENTRY--TOPICAL TERM | |
| Topical Term | Nature conservation |
| Topical Term | Environmental protection |
| Topical Term | Conservationists |
| 856 40 - ELECTRONIC LOCATION AND ACCESS | |
| Uniform Resource Identifier | http://site.ebrary.com/lib/rucke/Doc?id=10308310 |
No items available.
